| 000 | 00570aam a2200217 4500 | ||
|---|---|---|---|
| 005 | 20161117101151.0 | ||
| 008 | 150408b xxu||||| |||| 00| 0 spa d | ||
| 041 | _aspa | ||
| 082 | _a362.7 C8374c | ||
| 100 |
_aCosta Rica. Leyes, decretos, etc. _91 |
||
| 245 | _aCódigo de la niñez y la adolescencia | ||
| 250 | _a2 ed. | ||
| 260 |
_aCR _bJuritexto _c2003 |
||
| 300 | _a307 | ||
| 650 |
_aCOSTA RICA _932323 |
||
| 650 |
_aNINOS _91015 |
||
| 650 |
_aADOLESCENCIA _932324 |
||
| 650 |
_aLEGISLACION _94 |
||
| 650 |
_aCONVENCION DERECHOS DEL NINO _932325 |
||
| 942 | _cBK | ||
| 999 |
_c4376 _d4376 |
||